Vadakkukizhakkan meghalayude valarcha urappakkya krishi (Record no. 72043)
[ view plain ]
| 000 -LEADER | |
|---|---|
| fixed length control field | 00310nam a2200121Ia 4500 |
| 100 ## - MAIN ENTRY--AUTHOR NAME | |
| Personal name | Suryakumar S. |
| 245 #0 - TITLE STATEMENT | |
| Title | Vadakkukizhakkan meghalayude valarcha urappakkya krishi |
| 260 ## - PUBLICATION, DISTRIBUTION, ETC. (IMPRINT) | |
| Name of publisher | Rubber |
| Year of publication | 2010 |
| 300 ## - PHYSICAL DESCRIPTION | |
| Number of Pages | 31-34 |
| 700 ## - ADDED ENTRY--PERSONAL NAME | |
| Personal name | Gopinath M.N. |
| 942 ## - ADDED ENTRY ELEMENTS (KOHA) | |
| Koha item type | Journals |
| Withdrawn status | Lost status | Damaged status | Not for loan | Home library | Current library | Shelving location | Date acquired | Serial Enumeration / chronology | Koha item type |
|---|---|---|---|---|---|---|---|---|---|
| Journals | RRII Library | RRII Library | Botany | 15/03/2010 | Volume 528, Issue Mar | Journals |